LDR 00598naa#a2200169#i#450# 001 EN\\bibl\121702 005 20260701204446.3 011 ## _a2073-0454 100 ## _a20260226b2026####ek#y0engy0150####ca 102 ## _aRU 200 1# _aAdministrative coercion: genesis and «new resonance» _eJournal article 210 1# _aMoscow _cMoscow University of the Ministry of Internal Affairs of Russia named after V.Ya. Kikot _d2026 215 ## _a3 с. 608 ## _aJournal article _2local 675 ## _aАдминистративное право. 342.9 _z 700 #1 _aOrlov _gAleksandr Vladimirovich 856 4# _amosumvd.editorum.ru _u